LEADER 01015nam a2200277 a 4500 001 000000147763 003 CaOOAMICUS 005 20151127130838.0 008 151127s1966 fr u000 u fre r 032 $aLibriCat 040 $aPUL$bita 041 1 $afre$heng 100 1 $aJankélévitch, Vladimir,$d1903-1985.$0(OLS)http://pul/name/20846 245 13$aLa mort / $cVladimir Jankélévitch. 260 $aParis :$bFlammarion,$c©1966. 300 $a426 p. ;$c22 cm. 490 1 $aNouvelle bibliothèque scientifique 504 $aBibliografia in nota. 650 4$aMorte.$0(OLS)http://pul/subject/4246 830 0$aNouvelle bibliothèque scientifique.$0(OLS)http://pul/title/166880 850 $aPUL 852 $aPUL$W1$xDP1 Fondo Bordoni$y120$m2 B 57$j156774$qFondi$B171562$CPULBib$Z2$F171562 $HBor1269 $81 941 1 $a1 996 $6245$aLa mort / $9(OLS)http://pul/title/186457 996 $6260$aParis :$bFlammarion$9(OLS)http://pul/publisher/48204 LEADER 01322nam a2200313 a 4500 001 000000138689 003 CaOOAMICUS 005 20140609124824.0 008 140609s2014 it u000 u ita r 020 $a978-88-08-92133-8 040 $aPUL$bita 082 04$a347.45014 100 1 $aZanon, Nicolò,$d1961-$0(OLS)http://pul/name/66860 245 13$aIl sistema costituzionale della Magistratura /$cNicolò Zanon, Francesca Biondi. 250 $a4. ed. riveduta e ampliata. 260 $aBologna :$bZanichelli,$c©2014. 300 $aIX, 340 p. ;$c24 cm 500 $aInclude bibliografia e indici. 650 4$aMagistratura$xStudi.$0(OLS)http://pul/subject/40576 650 4$aDiritto costituzionale$zItalia.$0(OLS)http://pul/subject/5313 700 1 $aBiondi, Francesca.$0(OLS)http://pul/name/89430 850 $aPUL 852 $aPUL$W1$xSL Diritto e Scienze Sociali 3$y79$m347. 45014 ZANNI 1$j160082$qDDC 21$B159546$CPULBib$Z2$F159546 $H124189 $82 941 1 $a9 996 $6020$a978-88-08-92133-8$9(OLS)http://pul/number/155438 996 $6082$a347.45014$9(OLS)http://pul/classification/2039 996 $6245$aIl sistema costituzionale della Magistratura$9(OLS)http://pul/title/175586 996 $6260$aBologna :$bZanichelli$9(OLS)http://pul/publisher/48255